000 00319nam a22001217a 4500
005 20230119104343.0
008 230119b |||||||| |||| 00| 0 eng d
040 _c##$aRTC$cRTC
082 _a813.54
100 _aAtwood, Margaret Eleanor
245 _aThe handmaid's tale /
_cMargaret Atwood.
942 _2ddc
_cCE TEXBOOK
999 _c9228
_d9229